000 003470000a22001330004500
082 0 4 _aGI CTH Sch21g
100 1 _aScheck, Joann
245 1 0 _aGod loves his people / Joann Scheck, il. : Jim Roberts
260 _aMinnesota : Augsburg Publishing House
300 _a[ 10 P.]
500 _aTexto pasta dura, con solapas
001 805
942 _cLGB
999 _c48009
_d48009